000 00895nam a22002897a 4500
001 BR8304891
003 BR-BrBNA
005 20230928091741.0
007 ta
008 230509b bl.||||| |||| 00| 0 por d
040 _aBR-BrBNA
_bpor
_cBiblioteca Nacional de Agricultura
041 _a(Por)
072 _aE30; F00
_b2110
_b/G514
090 _ 2110 BR8304891
100 1 _aAlvares-Afonso, F.M.
110 1 _aComissao Executiva do Plano da Lavoura Cacaueira, Belem, PA (Brasil). Depto. Especial da Amazonia
_92095
245 1 _aA presenca da Amazonia nas decisoes politicas da cacauicultura nacional [Brasil]
260 3 _aBelem, PA (Brasil):
_c1983.
300 _a16 p.
650 _aCACAU
650 _aCACAUICULTURA
650 _aDESENVOLVIMENTO AGRICOLA
650 _aPOLITICA DE DESENVOLVIMENTO
650 _aAMAZONIA
909 _a202309
_bLucia
_c55
_dLucia Elande
942 _cBK
999 _c35326
_d35326